000 00570nam a22002297a 4500
003 UA-OsUOA
001 51850
007 ta
008 20080123b un ||||| |||| 00| 0 ukr d
100 _aЛучак М.
090 _a821.162.1
942 _cBK
040 _aUA-OsUOA
_bukr
_cUA-OsUOA
_dUA-OsUOA
245 _aРозмова з Богом
300 _a215 с.
955 _a2
041 _aukr
080 _a821.162.1
260 _aПеремишль
_c2004
650 7 _a82 Література. Літературознавство
_2UDC
999 _c337908
_d337908